| 000 | 00677cam a22002177i 4500 | ||
|---|---|---|---|
| 999 |
_c117381 _d117381 |
||
| 001 | 20977493 | ||
| 005 | 20200513145308.0 | ||
| 008 | 181204t20192019enkabf e b 001 0beng | ||
| 020 | _a9781847922144 | ||
| 020 | _a9781847926012 | ||
| 040 | _cPK-LaUMT | ||
| 082 | 0 | 4 |
_a956.014092 _223 _bPHI-L |
| 100 | 1 | _aPhillips, Jonathan | |
| 245 | 1 | 4 |
_aThe life and legend of the Sultan Saladin / _cby Jonathan Phillips |
| 260 |
_aLondon : _bThe Bodley Head, _c2019 |
||
| 300 |
_axvii, 478 p., 16 unnumbered pages of plates : _billustrations (some color), maps ; _c24 cm |
||
| 650 | 0 |
_aCrusades _yThird, 1189-1192. |
|
| 650 | 7 | _aCrusades. | |
| 650 | 7 | _aKings and rulers. | |
| 942 | _cBK | ||